<?xml version="1.0" encoding="UTF-8"?><?xml-stylesheet type="text/xsl" href="static/style.xsl"?><OAI-PMH xmlns="http://www.openarchives.org/OAI/2.0/" xmlns:xsi="http://www.w3.org/2001/XMLSchema-instance" xsi:schemaLocation="http://www.openarchives.org/OAI/2.0/ http://www.openarchives.org/OAI/2.0/OAI-PMH.xsd"><responseDate>2026-04-17T02:52:10Z</responseDate><request verb="GetRecord" identifier="oai:www.recercat.cat:2117/184042" metadataPrefix="marc">https://recercat.cat/oai/request</request><GetRecord><record><header><identifier>oai:recercat.cat:2117/184042</identifier><datestamp>2025-07-22T18:30:08Z</datestamp><setSpec>com_2072_1033</setSpec><setSpec>col_2072_452951</setSpec></header><metadata><record xmlns="http://www.loc.gov/MARC21/slim" xmlns:dcterms="http://purl.org/dc/terms/" xmlns:xsi="http://www.w3.org/2001/XMLSchema-instance" xmlns:doc="http://www.lyncode.com/xoai" xsi:schemaLocation="http://www.loc.gov/MARC21/slim http://www.loc.gov/standards/marcxml/schema/MARC21slim.xsd">
   <leader>00925njm 22002777a 4500</leader>
   <datafield ind2=" " ind1=" " tag="042">
      <subfield code="a">dc</subfield>
   </datafield>
   <datafield ind2=" " ind1=" " tag="720">
      <subfield code="a">Cerrudo Boada, Idoia</subfield>
      <subfield code="e">author</subfield>
   </datafield>
   <datafield ind2=" " ind1=" " tag="260">
      <subfield code="c">2020-02-12</subfield>
   </datafield>
   <datafield ind2=" " ind1=" " tag="520">
      <subfield code="a">El present treball consta de dues parts ben diferenciades. La primera d’elles és un estudi de l’origen de les ciutats que pretén discernir quines són les bases socials i antropològiques que van portar als humans a construir els primers assentaments, base de les ciutats actuals. Amb aquesta anàlisi es pretenen establir els factors fonamentals per a l’aparició de tota ciutat i les funcions bàsiques a les quals han de donar resposta els assentaments humans per a poder ser considerats com a tals.&#xd;
En la segona part, s’escullen tres exemples d’assentaments temporals, no considerats ciutats, per comprovar si comparteixen les funcions i elements bàsics que en l’apartat anterior ens han permès arribar a la definició de ciutat. La hipòtesi del treball afirma que actualment el concepte ciutat no fa referència exclusivament a aquests aspectes urbans i de servei que es tracten en la primera part, sinó que aquests són aplicables a qualsevol assentament i que, per tant, el concepte ciutat engloba un significat molt més ampli en referència a aspectes que no són ni antropològics ni arquitectònics.&#xd;
L’objectiu del treball és, per tant, intentar discernir si existeix alguna diferència arquitectònica entre els conceptes de ciutat i ciutat temporal o si, per contra, el concepte ciutat engloba i es caracteritza per altres factors aliens a la disciplina.</subfield>
   </datafield>
   <datafield ind2=" " ind1=" " tag="520">
      <subfield code="a">The present work has two different parts. The first is a study of the origin of cities that seeks to discern the social and anthropological foundations that led humans to build the first settlements, the basis of today's cities. This analysis aims to establish the fundamental factors for the emergence of every city and the basic functions that human settlements must respond to in order to be considered as such.&#xd;
In the second part, three examples of temporary settlements, not considered cities, have been chosen to see if they share the functions and basic elements that in the previous section allowed us to reach the definition of city. The working hypothesis supports that nowadays the concept of city does not refer exclusively to these urban and service aspects which are dealt with in the first part, but is applicable to any settlement and that, therefore, the concept of city has a broader meaning that are neither anthropological nor architectural.&#xd;
The aim of the work is, therefore, to try to discern if there is any architectural difference between the concepts of city and temporal city or, conversely, the concept of city encompasses and is characterized by other factors outside the discipline.</subfield>
   </datafield>
   <datafield tag="653" ind2=" " ind1=" ">
      <subfield code="a">Àrees temàtiques de la UPC::Urbanisme::Aspectes socials</subfield>
   </datafield>
   <datafield tag="653" ind2=" " ind1=" ">
      <subfield code="a">Àrees temàtiques de la UPC::Urbanisme::Teoria de l'urbanisme</subfield>
   </datafield>
   <datafield tag="653" ind2=" " ind1=" ">
      <subfield code="a">Cities and towns</subfield>
   </datafield>
   <datafield tag="653" ind2=" " ind1=" ">
      <subfield code="a">Military camps</subfield>
   </datafield>
   <datafield tag="653" ind2=" " ind1=" ">
      <subfield code="a">Refugee camps</subfield>
   </datafield>
   <datafield tag="653" ind2=" " ind1=" ">
      <subfield code="a">Ciutat</subfield>
   </datafield>
   <datafield tag="653" ind2=" " ind1=" ">
      <subfield code="a">Temporal</subfield>
   </datafield>
   <datafield tag="653" ind2=" " ind1=" ">
      <subfield code="a">Urbanisme</subfield>
   </datafield>
   <datafield tag="653" ind2=" " ind1=" ">
      <subfield code="a">Societat</subfield>
   </datafield>
   <datafield tag="653" ind2=" " ind1=" ">
      <subfield code="a">Estructura</subfield>
   </datafield>
   <datafield tag="653" ind2=" " ind1=" ">
      <subfield code="a">Castra aestiva</subfield>
   </datafield>
   <datafield tag="653" ind2=" " ind1=" ">
      <subfield code="a">Black RocK City</subfield>
   </datafield>
   <datafield tag="653" ind2=" " ind1=" ">
      <subfield code="a">Dadaab</subfield>
   </datafield>
   <datafield tag="653" ind2=" " ind1=" ">
      <subfield code="a">Ciutats</subfield>
   </datafield>
   <datafield tag="653" ind2=" " ind1=" ">
      <subfield code="a">Morfologia urbana</subfield>
   </datafield>
   <datafield tag="653" ind2=" " ind1=" ">
      <subfield code="a">Campaments militars</subfield>
   </datafield>
   <datafield tag="653" ind2=" " ind1=" ">
      <subfield code="a">Camps de refugiats</subfield>
   </datafield>
   <datafield ind2="0" ind1="0" tag="245">
      <subfield code="a">Els fonaments de la ciutat</subfield>
   </datafield>
</record></metadata></record></GetRecord></OAI-PMH>